Իմամաթ : (Record no. 123617)
[ view plain ]
| 000 -LEADER | |
|---|---|
| fixed length control field | 01302nam a2200241 a 4500 |
| 001 - CONTROL NUMBER | |
| control field | 000330324 |
| 003 - CONTROL NUMBER IDENTIFIER | |
| control field | AM-YeHGA |
| 005 - DATE AND TIME OF LATEST TRANSACTION | |
| control field | 20250904103032.0 |
| 008 - FIXED-LENGTH DATA ELEMENTS--GENERAL INFORMATION | |
| fixed length control field | 040423s1906 ai a|||fr|||||000|0|arm|| |
| 040 ## - CATALOGING SOURCE | |
| Original cataloging agency | AM-YeHGA |
| 041 0# - LANGUAGE CODE | |
| Language code of text/sound track or separate title | arm |
| 100 0# - MAIN ENTRY--PERSONAL NAME | |
| Personal name | Ատրպետ, |
| Dates associated with a name | 1860-1937 |
| 9 (RLIN) | 971 |
| 245 00 - TITLE STATEMENT | |
| Title | Իմամաթ : |
| Remainder of title | Պատմական հետազօտութիւն / |
| Statement of responsibility, etc. | Ատրպետ. |
| 250 ## - EDITION STATEMENT | |
| Edition statement | 2-րդ տպ. |
| 260 ## - PUBLICATION, DISTRIBUTION, ETC. | |
| Place of publication, distribution, etc. | Ալեքսանդրապօլ : |
| Name of publisher, distributor, etc. | Շիրակ, |
| Date of publication, distribution, etc. | 1906. |
| 300 ## - PHYSICAL DESCRIPTION | |
| Extent | 296 էջ + 1 ներդիր թերթ ։ |
| Other physical details | նկ. ; |
| Dimensions | 21 սմ. |
| 500 ## - GENERAL NOTE | |
| General note | Շարվածքը՝ 16X9,5 սմ: |
| 500 ## - GENERAL NOTE | |
| General note | Երկրորդ տպագրութիւնը վերցված է շապկից: |
| 501 ## - WITH NOTE | |
| With note | Ալիգ. 1 (1874-39ահ)։ Կազմակից է՝ Ատրպետ՝ Խիւլաֆալ. - Ալէքսանդրապօլ, 1906 ; Ատրպետ՝ Դիմակներ.-Թաւրիզ, 1904 ; Ատրպետ՝ Հողատիրութիւնը Կովկասում.- Ալէքսանդրապօլ, 1906 ; Ատրպետեան Ս.՝ Շուշան.- Ս. Պետերբուրգ, 1890։ |
| 650 14 - SUBJECT ADDED ENTRY--TOPICAL TERM | |
| Topical term or geographic name entry element | Կրոն |
| General subdivision | Իսլամ |
| 856 41 - ELECTRONIC LOCATION AND ACCESS | |
| Uniform Resource Identifier | <a href="https://naasr.follettdestiny.com/cataloging/servlet/presenttitledetailform.do?siteTypeID=-2&siteID=&includeLibrary=true&includeMedia=false&mediaSiteID=&bibID=754&walkerID=1675759328235">https://naasr.follettdestiny.com/cataloging/servlet/presenttitledetailform.do?siteTypeID=-2&siteID=&includeLibrary=true&includeMedia=false&mediaSiteID=&bibID=754&walkerID=1675759328235</a> |
| Link text | BMLC |
| 942 ## - ADDED ENTRY ELEMENTS (KOHA) | |
| Source of classification or shelving scheme | Universal Decimal Classification |
| Koha item type | Գրքեր / Books |
| Withdrawn status | Lost status | Source of classification or shelving scheme | Damaged status | Not for loan | Collection | Home library | Current library | Date acquired | Total checkouts | Full call number | Barcode | Date last seen | Price effective from | Koha item type | Public note |
|---|---|---|---|---|---|---|---|---|---|---|---|---|---|---|---|
| Universal Decimal Classification | Agulian Individual Collection | Fundamental Scientific Library | Fundamental Scientific Library | 22/12/2016 | Ագուլ/376 | FL0081149 | 22/12/2016 | 22/12/2016 | Գրքեր / Books | ILL Non-Circ. | |||||
| General | Fundamental Scientific Library | Fundamental Scientific Library | 22/12/2016 | AII/10990 | FL0015160 | 22/12/2016 | 22/12/2016 | Գրքեր / Books | 30 Days Loan | ||||||
| General | Fundamental Scientific Library | Fundamental Scientific Library | 22/12/2016 | AII/67317 | 220067317 | 22/12/2016 | 22/12/2016 | Գրքեր / Books | 30 Days Loan | ||||||
| Universal Decimal Classification | Zhamkochyan Individual collection | Fundamental Scientific Library | Fundamental Scientific Library | 29/04/2025 | Ժամ/386 | FL0690905 | 29/04/2025 | 29/04/2025 | Գրքեր / Books | ILL Non-Circ. |
ՀՀ Գիտությունների ազգային ակադեմիայի հիմնարար գիտական գրադարան = Fundamental Scientific Library of NAS RA
All site content, except where otherwise noted, is licensed under a